| 000 | 00677nam a2200205Ia 4500 | ||
|---|---|---|---|
| 003 | OSt | ||
| 005 | 20220926030316.0 | ||
| 006 | a|||||r|||| 00| 0 | ||
| 007 | ta | ||
| 008 | 220923b |||||||| |||| 00| 0 eng d | ||
| 037 | _cGeneral Book | ||
| 040 |
_aRTL _cRTL _beng |
||
| 041 |
_2eng _aeng |
||
| 082 | _aY:5.214sN71, L3.PON | ||
| 100 | _aCensus of India, 1971 | ||
| 245 | 0 | _aDISTRICT CENSUS handbook, 1971. Pondecherry. Pt. (10-A and 10-B) Village and town directory and primary census abstract . | |
| 260 |
_aPondecherry _bGovt. Press _c1973 |
||
| 942 |
_hY:5.214sN71, L3.PON _cGB _2CC |
||
| 999 |
_c649283 _d649283 |
||